000 00297nam a2200097Ia 4500
082 _a796.334077 WARD
245 0 _aJunior football : [a complete coaching guide for the young player]
100 _a WARD, Adam London, 2003
_978040
942 _cBK
008 210817s9999 xx 000 0 und d
999 _c381449
_d381448